000
00239nmm a2200085Ia 4500
008
220120s9999||||xx |||||||||||||||||und||
100
_a
Digit
245
0
_a
3D mark, cinebench 15, PC mark, desara, gogalaxy, steam, tec
260
_a
Nine dot Nine
999
_c
139971
_d
139971